ChatGPT - "Difficult general knowledge" #1 - Statistics

General Stats
  • This quiz has been taken 29 times
  • The average score is 13 of 20
Answer Stats
Hint Answer % Correct
Who was the first human to set foot on the moon? Neil Armstrong
96%
What is the name of the currency used in Japan? Yen
96%
How many hearts does an octopus have? 3
93%
What is the chemical symbol for the element helium? He
93%
How many times has the Summer Olympics been held in the United States? 4
89%
What is the name of the largest desert in the world? Sahara
89%
What is the capital city of Afghanistan? Kabul
85%
In which year did the Berlin Wall fall? 1989
81%
What is the capital city of Ukraine? Kyiv
81%
What is the currency used in Russia? Ruble
78%
What is the chemical symbol for the element arsenic? As
74%
In which year was the United Nations founded? 1945
63%
What is the longest river in Asia? Yangtze
63%
Who wrote the novel "The Picture of Dorian Gray"? Oscar Wilde
59%
Who invented the steam engine? James Watt
52%
What is the capital city of Burkina Faso? Ouagadougou
52%
Who was the first Prime Minister of India? Jawaharlal Nehru
30%
In which year did the Treaty of Rome, which established the European Economic Community, come into effect? 1958
26%
Who was the only U.S. President to have served as Chief Justice of the Supreme Court? William Howard Taft
26%
What is the highest mountain peak in the contiguous United States? Mount Whitney
19%
No matching quizzes found
Score Distribution
Percent of People with Each Score
Percentile by Number Answered
Your Score History
You have not taken this quiz